000 00784nas a2200241 4500
001 BR7310440
003 BR-BrBNA
005 20231205082704.0
007 ta
008 230509b bl.|||p| |||| 00| 00por d
040 _aBR-BrBNA
_bpor
_cBiblioteca Nacional de Agricultura
041 _a(Pt)
072 _aL70
100 1 _aSampaio, R.
100 1 _aBernis, W.O.
245 1 _aA neuroleptanalgesia produzida pela associacao droperidol-fentanil em caes [Veterinaria; Canis familiaris]
650 _aVETERINARIA
650 _aCAO
650 _aANESTESIA
773 0 _tArquivos da Escola de Veterinaria da Universidade Federal de Minas Gerais (Brazil)
_xISSN 0365-8384
_g(1973), v. 25(3) p. 251-257
_wBR7310440
909 _a202311
_bLúcia
_c55
_dLúcia Elande
942 _2AGRIS
_n0
_cANA
999 _c93676
_d93676